Score 0/83 Timer 15:00
0 Plays Today
Season Episode Title % Correct
1More Than Meets The Eye
95.4%
1S.O.S. Dinobots
74.8%
1Heavy Metal War
74.8%
2Dinobot Island
74%
2Megatron's Master Plan
71.8%
3Five Faces of Darkness
71.8%
4The Rebirth
71.8%
1The Ultimate Doom
70.2%
1Fire in The Sky
70.2%
1Fire on The Mountain
70.2%
3The Return of Optimus Prime
70.2%
2B.O.T.
69.5%
2Autobot Spike
68.7%
2The Key to Vector Sigma
65.6%
1Roll For It
64.9%
1Transport to Oblivion
62.6%
2The Girl Who Loved Powerglide
62.6%
2Starscream's Brigade
62.6%
1A Plague of Insecticons
61.8%
2Desertion of The Dinobots
61.1%
3Starscream's Ghost
61.1%
1War of The Dinobots
60.3%
2Child's Play
60.3%
2War Dawn
59.5%
1Countdown to Extinction
58.8%
2A Prime Problem
58.8%
2The Revenge of Bruticus
58.8%
2Changing Gears
58%
Season Episode Title % Correct
2The Autobot Run
56.5%
2City of Steel
55.7%
2Make Tracks
55.7%
2The Immobilizer
55%
2The Search for Alpha Trion
55%
1Divide and Conquer
54.2%
2The Insecticon Syndrome
54.2%
2The Gambler
54.2%
2Hoist Goes Hollywood
54.2%
3Dark Awakening
54.2%
3Carnage in C-Minor
54.2%
3The Burden Hardest to Bear
54.2%
2Microbots
53.4%
2Blaster Blues
53.4%
2The Golden Lagoon
53.4%
2Triple Takeover
53.4%
3Chaos
53.4%
3Ghost in The Machine
53.4%
2Prime Target
52.7%
3Webworld
52.7%
2Attack of The Autobots
51.9%
2The Master Builder
51.9%
2The Secret of Omega Supreme
51.9%
3The Big Broadcast of 2006
51.9%
3Grimlock's New Brain
51.9%
2Traitor
51.1%
2Sea Change
51.1%
3Call of The Primitives
51.1%
Season Episode Title % Correct
2Day of The Machines
48.9%
2Auto-Bop
48.9%
2Cosmic Rust
48.9%
3The Quintesson Journal
48.9%
2Enter the Nightbird
48.1%
2Kremzeek
48.1%
2The God Gambit
47.3%
2Masquerade
47.3%
3The Killing Jar
47.3%
2Atlantis, Arise
46.6%
2A Decepticon Raider in King Arthur's Court
46.6%
2The Core
46.6%
2Aerial Assault
45%
3Nightmare Planet
44.3%
3Only Human
44.3%
3The Face of The Nijika
44.3%
2Trans-Europe Express
42.7%
2Quest for Survival
41.2%
3Thief in The Night
40.5%
3Fight or Flee
40.5%
3Surprise Party
38.9%
3The Ultimate Weapon
38.2%
3Forever is A Long Time Coming
37.4%
3The Dweller in The Depths
37.4%
3Money is Everything
36.6%
3Madman's Paradise
32.8%
2Auto Berzerk
29.8%
Remove Ads.
Support Sporcle.
Get the best of Sporcle when you Go Orange. This ad-free experience offers more features, more stats, and more fun while also helping to support Sporcle. Thank you for becoming a member.

You're not logged in!

Compare scores with friends on all Sporcle quizzes.
OR
Log In

Show Comments

Extras

Top Quizzes Today


Score Distribution

Your Account Isn't Verified!

In order to create a playlist on Sporcle, you need to verify the email address you used during registration. Go to your Sporcle Settings to finish the process.

Report this User

Report this user for behavior that violates our Community Guidelines.

Details: